000 00545nam a2200133 a 4500
008 120416s2004 ||||||||||||||||| || u
050 _aTHESIS
100 _aMunamonga, Nchimunya
245 1 0 _aOutsourcing
246 _aan alternative option for facilities management in public institutions
260 _aKitwe
_bCopperbelt University, School of Built Environment, Department of Building
_c2004
350 _a0.00
995 _D0.00
_FCBU-MAIN LIBRARY (Kitwe)
_H1
_I0.00
_UAVAILABLE
_ZUniversity Collection
999 _c53023
_d53023